| 000 | 00754cam a2200193 4500 | ||
|---|---|---|---|
| 001 | WB3708-09 | ||
| 008 | 000000n2001 000 0 eng u | ||
| 035 | _a(Sirsi) u111072 | ||
| 245 | _aPublic 'kept in dark' over seller's pack | ||
| 260 | _c2001 | ||
| 490 |
_aEstates Gazette _v(0107) 17 February 2001, 46(1) |
||
| 520 | _aGovernment is accused by a consortium of organisations of failing to provide enough information about the new compulsory home seller's packs. An education process is being encouraged to change public opinion before the scheme becomes a legal requirement in 2003. | ||
| 590 | _aWB | ||
| 650 | _aHOME SELLER'S INFORMATION PACK | ||
| 650 | _aSELLERS INFORMATION PACKS | ||
| 650 | _aDETR | ||
| 690 | _aHOUSING | ||
| 942 | _n0 | ||
| 999 |
_c66173 _d66173 |
||